| 000 | 00960cam a2200265 a 4500 | ||
|---|---|---|---|
| 999 |
_c128213 _d128213 |
||
| 001 | 1651899 | ||
| 003 | ARRUPE | ||
| 005 | 20180920143805.0 | ||
| 008 | 970327s1997 nyu b 001 0 eng | ||
| 010 | _a 97008544 | ||
| 020 | _a0820411795 (alk. paper) | ||
| 040 |
_aDLC _cDLC _dDLC |
||
| 050 | 0 | 0 |
_aBR100 _b.S94 1997 |
| 082 | 0 | 0 |
_a190 _221 |
| 100 | 1 |
_aSweeney, Leo. _942406 |
|
| 245 | 1 | 0 |
_aChristian philosophy : _bGreek, medieval, contemporary reflections / _cLeo Sweeney. |
| 260 |
_aNew York : _bP. Lang, _cc1997. |
||
| 300 |
_axxxviii, 714 p. ; _c23 cm. |
||
| 504 | _aIncludes bibliographical references and indexes. | ||
| 650 | 0 |
_aPhilosophy and religion. _942407 |
|
| 650 | 0 |
_aChristianity _xPhilosophy. _942408 |
|
| 906 |
_a7 _bcbc _corignew _d1 _eocip _f19 _gy-gencatlg |
||
| 942 |
_2lcc _cMONOGRAPH |
||